Responses for Show #7445 - Friday, January 13, 2017

Contestants

[<< previous game]

Tanner Hesse, a grad student and Navy reserve officer from San Diego, California

Eli Nehus, an electrical engineer from Fayetteville, Arkansas

Cheryl Guy, a high school principal from Columbia, South Carolina (whose 1-day cash winnings total $20,600)

[next game >>]

Jeopardy! Round responses

STATES BY CITY TRASH-TALKING
THE 1860s
BIBLICAL BIG SCREEN
UP ON MT. LUSHMORE
RUNNING A HOTEL
BR-EXIT
(Alex: The letters "B-R" will exit a word and produce the correct response for you.)
    $200 9
New Mexico

Eli
    $200 4
Italy

Cheryl
    $200 1
Ramses

Eli
    $200 21
Doc Holliday

Eli
    $200 27
(Eli: What is laguna?)

a cabana

EliTanner
    $200 16
(Alex: Brother, [*].)

other

Tanner
    $400 12
Utah

Tanner
    $400 5
Jefferson Davis

Triple Stumper
    $400 2
Samson and Delilah

Cheryl
    $400 22
(Andrew) Johnson

Cheryl
    $400 28
a mini-bar

Tanner
    $400 17
itches

Tanner
    $600 13
Illinois

Eli
    $600 6
the Suez Canal

Tanner
    $600 3
Jesus Christ Superstar

Tanner
    $600 23
(Keith) Moon

Tanner
    $600 29
[The end-of-round signal sounds.]

The Night Manager

Triple Stumper
    $600 18
(Alex: [*] for bridle.)

idle

Cheryl
    $800 14
Washington

Eli
    $1,200 7
(Tanner: I don't have it.)

Louis Pasteur

Tanner
    $800 10
Salome

Cheryl
    $800 24
Boris Yeltsin

Triple Stumper
    $800 19
(Alex: From bramble.)

amble

Cheryl
    $1000 15
Montana

Cheryl
    $1000 8
the Pony Express

Tanner
    $1000 11
Noah

Eli
    $1000 25
(Alex: With less than a minute to go.)

Hemingway

Tanner
    $1000 26
Starwood Hotels

Triple Stumper
    $1000 20
ink

Eli

Scores at the first commercial break (after clue 15):

Cheryl Eli Tanner
$2,400 $2,800 $1,400

Scores at the end of the Jeopardy! Round:

Cheryl Eli Tanner
$4,200 $3,800 $4,200

Double Jeopardy! Round responses

CASTLES
SHORT & SWEET
BOOKS
ON TV NOW
COMPOSERS
KNOW YOUR SCALES
    $400 23
(Alex: Less than a minute now.)

Copenhagen

Cheryl
    $400 11
glaze

Cheryl
    $400 6
Twilight

Tanner
    $400 5
[Applause for Eli's running the category]

The Bachelorette

Eli
    $400 13
Argentina

Cheryl
    $400 17
the Richter scale

Tanner
    $800 24
Transylvania

Cheryl
    $800 12
candied

Eli
    $800 7
X

Tanner
    $800 4
Bear Grylls

Eli
    $800 14
Puccini

Eli
    $800 18
a mile

Cheryl
    $1200 27
the Black Sea

Tanner
    $3,000 8
(Tanner: What... is...)
(Alex: Say something.)

Brooklyn

Tanner
    $1200 3
Alicia Keys

Eli
    $1200 15
Bonn

Triple Stumper
    $3,000 19
Weight Watchers

Cheryl
    $1600 26
Windsor Castle

Triple Stumper
    $1600 29
[The end-of-round signal sounds.]

saccharin

Triple Stumper
    $1600 9
coloring books

Cheryl
    $1600 2
The Last Man on Earth

Eli
    $1600 16
(Tanner: Who is Bach?)

Schubert

Tanner
Triple Stumper
    $1600 20
the Mohs scale

Tanner
    $2000 25
(Eli: Who is Beethoven?)

Wagner

Eli
Triple Stumper
    $2000 28
doux

Triple Stumper
    $2000 10
Flowers in the Attic

Cheryl
    $2000 1
The Strain

Eli
    $2000 22
(Eli: Who is Tchaikovsky?)
(Tanner: Who is Stravinsky?)
(Cheryl: Who is Rimsky-Korsakov?)

Dmitri Shostakovich

CherylEliTanner
Triple Stumper
    $2000 21
personality

Eli

Scores at the end of the Double Jeopardy! Round:

Cheryl Eli Tanner
$11,600 $9,400 $2,000

[wagering suggestions for these scores]

Final Jeopardy! Round responses

EUROPEAN COUNTRIES
TannerWhat is Hungary
$0
EliWhat is Macedonia
$3,173
CherylWhat is Poland?
$7,500
Austria

Final scores:

Cheryl Eli Tanner
$4,100 $6,227 $2,000
2nd place: $2,000 New champion: $6,227 3rd place: $1,000

Game dynamics:

Coryat scores:

Cheryl Eli Tanner
$9,800 $9,400 $6,200
15 R
(including 1 DD),
1 W
15 R,
3 W
15 R,
4 W
(including 2 DDs)

Combined Coryat: $25,400

[game clues] [game scores] [suggest correction]

Game tape date: 2016-09-21
The J! Archive is created by fans, for fans. Scraping, republication, monetization, and malicious use prohibited; this site may use cookies and collect identifying information. See terms. The Jeopardy! game show and all elements thereof, including but not limited to copyright and trademark thereto, are the property of Jeopardy Productions, Inc. and are protected under law. This website is not affiliated with, sponsored by, or operated by Jeopardy Productions, Inc. Join the discussion at JBoard.tv.